000 00891nam a2200253Ia 4500
003 OSt
005 20221005112635.0
006 a|||||r|||| 00| 0
007 ta
008 221004b |||||||| |||| 00| 0 pan d
020 _a9789380427065 (hbk)
_c100
024 _a2051
037 _b175, 18/12/2012, Orange Books International
_cTextual
040 _aCRL
_cCRL
_bpan
041 _2pan
_apan
082 _aY73(P153):351, 153Q1
100 _aਭੱਟੀ, ਕੁੰਦਨ ਲਾਲ
245 0 _aਲੋਕ ਕਲਾਵਾਂ
260 _aਜਲੰਧਰ
_bਸੁੰਦਰ ਬੱੁਕ ਡਿਪੋ ਭਾਰਤ
_c2011
300 _a100ਪੰ
_ccm.
650 _aਣOFਨ FਾਂਸਛO
_9157433
942 _hY73(P153):351, 153Q1
_cTEXL
_2cc
999 _c1025487
_d1025487